00678 2200241 4500001002100000005001700021008004100038020002200079035002500101040001200126082001800138084001800156090001800174100001500192245008600207260003800293300002700331650001300358700001600371700001600387850001200403990002100415INLIS00000000000057920150226145231.0  a978-602-7728-31-8 a0010-101400000000474 aYOPDYOG aDEP 752 Ath M aDEP 752 Ath M aDEP 752 Ath M aATHENKARTS aMenebal dan mewarnai aneka objekb: Aktivitas seru anak paud dan TKc/ Athenkarts aYogyakartabIdea World Kidzc2013 a42 hlm.bilus.c26 cm. aMewarnai aAthenk Arts aBayu Aditya aYOPDYOG aCB-D.11-2013-829